| 000 | 01752nam0a2200337 4500 | ||
|---|---|---|---|
| 001 | RU\NLR\BIBL_A\012100289 | ||
| 005 | 20260408235118.0 | ||
| 035 | _a(NLR Aleph) 012100289 | ||
| 090 |
_a11902515 _c11902515 |
||
| 100 | _a20190925d1901 |||y0rusy50 ca | ||
| 101 | 0 | _aukr | |
| 102 | _aRU | ||
| 105 | _ao|||z|||000gy | ||
| 200 | 1 |
_aВиргилiева Энеида на украинску мову перелыцевана _fсочинение И.П. Котляревского |
|
| 205 | _aИзд. 12-е | ||
| 210 |
_aКiев _cКнигопродавец Т.А. Губанов _d1901 |
||
| 215 |
_a248 с. _cил. _d18 |
||
| 300 | _aНа обл. авт. не указан | ||
| 488 | 0 |
_12001#$aЭнеида$fВергилий _1700#1$aВергилий Марон$bП.$f70-19 до н.э.$gПублий$3RU\NLR\AUTH\7710632 _tЭнеида _aВергилий Марон, Публий (70-19 до н.э.) |
|
| 500 |
_8ukr _aЕнеïда _lПереработка _3RU\NLR\AUTH\559402 _92631414 |
||
| 604 |
_1700#1$aВергилий Марон$bП.$gПублий$f70 - 19 до н.э. _1500##$a"Энеида"$2nlr_sh2$3RU\NLR\AUTH\66182063 _aВергилий Марон, Публий (70 - 19 до н.э.) _t"Энеида" _91227468 _3RU\NLR\AUTH\66182063 |
||
| 686 | 3 | _aШ5(0)353.1-4Вергилий(укр) | |
| 686 | 0 | _aШ6(2=Ук)5-5 | |
| 700 | 1 |
_8ukr _7ca _aКотляревський _bI. П. _f1769-1838 _gIван Петрович _3RU\NLR\AUTH\7719478 _92550 |
|
| 702 | 1 |
_8ukr _7ca _aКотляревський _bI. П. _f1769-1838 _gIван Петрович _3RU\NLR\AUTH\7719478 _92550 |
|
| 852 |
_aNLR _j34.3.5.31 |
||
| 942 | _cBOOK | ||
| 980 | _aNB | ||